LEADER 00954nam a2200229 i 4500 001 000000141844 003 CaOOAMICUS 005 20050803000000.0 008 050803s1980 it u000 u ita u 013 $a116573 040 $aSeMil$bita 100 1 $aBaudrillard, Jean,$d<1929-2007>.$0(OLS)http://semarc/name/21744 245 10$aSimulacri e impostura :$bbestie, Beaubourg, apparenze e altri oggetti /$cJean Baudrillard. 300 $a185 p. ;$c19 cm. 490 0 $aIndiscipline ;$v17 650 4$aPsicologia sociale.$0(OLS)http://semarc/subject/627 650 4$aCultura di massa.$0(OLS)http://semarc/subject/20161 830 0$aIndiscipline ;$v17.$0(OLS)http://semarc/title/12611 850 $aSeMil 852 $aSeMil$W1$xVenegono$y1$m283 6 17 *$j95057$B95057$CSeMilBibl$Z2$F101485 $81 961 $aLascito: Corradi mons. Enrico 996 $6245$aSimulacri e impostura :$bbestie, Beaubourg, apparenze e altri oggetti$9(OLS)http://semarc/title/207369 LEADER 00945nam a2200229 i 4500 001 000000174951 003 CaOOAMICUS 005 20081015000000.0 008 081015s1923 it u000 u fre u 013 $a152428 040 $aSeMil$bita 100 0 $aCornelius Nepos,$d.$0(OLS)http://semarc/name/31270 245 10$aOeuvres /$cCornelius Nepos ; texte établi et traduit par Anne-Marie Guillemin. 260 $aParis :$bLes Belles Lettres,$c1923. 300 $aXXV, 182 p. ;$c21 cm. 490 0 $aCollection des Universités de France 700 1 $aGuillemin, Anne-Marie.$0(OLS)http://semarc/name/65290 830 0$aCollection des Universités de France.$0(OLS)http://semarc/title/6036 850 $aSeMil 852 $aSeMil$W1$xVenegono$y1$m1X I 2$j125779$B125779$CSeMilBibl$Z2$F136636 $81 996 $6245$aOeuvres$9(OLS)http://semarc/title/2131 996 $6260$aParis :$bLes Belles Lettres$9(OLS)http://semarc/publisher/30422